| 000 | 00691 a2200229 4500 | ||
|---|---|---|---|
| 005 | 20260306170736.0 | ||
| 008 | 260109b |||||||| |||| 00| 0 eng d | ||
| 020 | _a978-93-93701-86-2 | ||
| 037 | _cTB | ||
| 040 |
_aCRL _cCRL |
||
| 041 |
_2eng _aeng |
||
| 084 |
_aO111,3N27,AZ L5 _qCRL |
||
| 100 |
_aNahal, Chaman _9855971 |
||
| 245 | _aAzadi | ||
| 260 |
_bHachette Book Publishing _c2023 _aIndia |
||
| 300 | _a341P. | ||
| 365 |
_b599.00 _cINR |
||
| 650 | _aEnglish Literature | ||
| 650 | _aEnglish Fiction | ||
| 942 |
_cTB _2CC _n0 _hO111,3N27,AZ L5 |
||
| 999 |
_c1466223 _d1466223 |
||